Rentabilita v poľnohospodárstve

Na minha lista:
Detalhes bibliográficos
Autor principal: Vlachynský, Karol
Outros Autores: Prokeš, Miroslav
Formato: Livro
Idioma:eslovaco
Publicado em: Bratislava Príroda 1988
Colecção:Ekonomika poľnohospodárstva
Assuntos:
Tags: Adicionar Tag
Sem tags, seja o primeiro a adicionar uma tag!

MARC

LEADER 00000nam a2200000 4500
001 c026139
005 20260326093053.9
041 0 |a slo 
044 |a SK 
245 1 0 |a Rentabilita v poľnohospodárstve  |c K.Vlachynský - M. Prokeš 
264 1 |a Bratislava  |b Príroda  |c 1988 
300 |a 234 s. 
490 1 |a Ekonomika poľnohospodárstva 
830 0 |a Ekonomika poľnohospodárstva 
610 2 0 |a poľnohospodárstvo 
610 2 0 |a rentabilita 
610 2 0 |a rentabilita odvetví 
100 1 |a Vlachynský, Karol 
700 1 |a Prokeš, Miroslav